000 01313nam0a22002891 4500
001 rc\934999
005 20041129095552.9
035 _a(NLR Aleph) 006107924
090 _a5327797
_c5327797
100 _a20041129d1982 u |0rusy50 ca
101 0 _arus
102 _aRU
105 _ay |||||||||
200 1 _aБиблиографическая работа в централизованных библиотечных системах
_eУчеб. пособие
_f[Н.Г. Чагина, А.В. Суворова, А.В. Мамонтов, Е.Н. Буринская]
_gПод науч. ред. А.В. Мамонтова
210 _aЛ.
_cЛГИК
_d1982
215 _a47 с.
_d20
300 _aАвт. указаны на обороте тит. л.
300 _aВ надзаг.: Ленингр. гос. ин-т культуры им. Н.К. Крупской
320 _aБиблиогр.: с. 45-46
701 1 _aЧагина
_bН. Г.
_gНина Григорьевна
702 1 _aМамонтов
_bА. В.
_gАлександр Васильевич
_4340
712 0 2 _aЛенинградский институт культуры им. Н. К. Крупской
_3RU\NLR\AUTH\887180
801 0 _aRU
_bNLR
_gpsbo
801 1 _aRU
_bELAR
_2rusmarc
852 _aNLR
_bБ
_j8400/М-225
942 _cBOOK
980 _aNB